Simple windows 2000 : (Record no. 1408)
[ view plain ]
| 000 -LEADER | |
|---|---|
| fixed length control field | 00628nam a22002177a 4500 |
| 003 - CONTROL NUMBER IDENTIFIER | |
| control field | PILC |
| 005 - DATE AND TIME OF LATEST TRANSACTION | |
| control field | 20160108155507.0 |
| 008 - FIXED-LENGTH DATA ELEMENTS--GENERAL INFORMATION | |
| fixed length control field | 121123t xxu||||| |||| 00| 0 eng d |
| 020 ## - INTERNATIONAL STANDARD BOOK NUMBER | |
| International Standard Book Number | 9719231122 |
| 050 ## - LIBRARY OF CONGRESS CALL NUMBER | |
| Classification number | QA 76.76 |
| Item number | .An561 2000 |
| 082 ## - DEWEY DECIMAL CLASSIFICATION NUMBER | |
| Classification number | CS 005.3 |
| Item number | An1 2000 |
| 100 ## - MAIN ENTRY--PERSONAL NAME | |
| Personal name | Andes, Antonio M. |
| 245 ## - TITLE STATEMENT | |
| Title | Simple windows 2000 : |
| Statement of responsibility, etc | Antonio M. Andes, Sr. |
| Remainder of title | fully illustrated |
| 260 ## - PUBLICATION, DISTRIBUTION, ETC. (IMPRINT) | |
| Place of publication, distribution, etc | Legazpi City: |
| Name of publisher, distributor, etc | Andes Mountain Printers, |
| Date of publication, distribution, etc | c2000. |
| 300 ## - PHYSICAL DESCRIPTION | |
| Size of unit | 20 cm. |
| Extent | viii, 450 p. ; |
| Other physical details | ill. ; |
| 500 ## - GENERAL NOTE | |
| General note | replacement of acc#10764 |
| 520 ## - SUMMARY, ETC. | |
| Summary, etc | 1. Computer programs. |
| 562 ## - COPY AND VERSION IDENTIFICATION NOTE | |
| Number of copies | 1 |
| 942 ## - ADDED ENTRY ELEMENTS (KOHA) | |
| Source of classification or shelving scheme | Library of Congress Classification |
| Koha item type | Books |
| Withdrawn status | Lost status | Source of classification or shelving scheme | Damaged status | Home library | Current library | Shelving location | Date acquired | Source of acquisition | Total Checkouts | Full call number | Barcode | Date last seen | Copy number | Price effective from | Koha item type |
|---|---|---|---|---|---|---|---|---|---|---|---|---|---|---|---|
| Withdrawn | Library of Congress Classification | Luxembourg Library | Luxembourg Library | Computer Science Section | 11/23/2012 | Donation | QA 76.76 .An561 2000 | 16616 | 08/13/2013 | 1 | 10/03/2013 | Books |